Statistiques concernant Culture Générale - Série 1351

Cliquez ici pour prendre le quiz!

Statistiques générales

  • Ce quiz a été pris 41 fois
  • Le résultat moyen est 5 sur 10

Statistiques - réponses

QuestionRéponse% Correct
Dans quel pays est située la ville de Malmö ?Suède
90%
Qui était le président des États-Unis lors de l'alunissage d'Apollo XI ?Richard Nixon
78%
De quel pays dépendent les îles Kerguelen, situées dans le sud de l'océan Indien ?France
68%
Sous quel pseudonyme connaît-on mieux le chanteur Sir Reginald Kenneth Dwight ?Elton John
65%
Quelle déesse grecque de la Guerre et de la Raison naquit en sortant tout armée du crâne de Zeus ?Athéna
55%
De quel pays l'historienne Hélène Carrère d'Encausse est-elle spécialiste ?Russie
40%
Quel écrivain est l'auteur de “La Double Inconstance” en 1723 ?Marivaux
30%
En 1982, quel chanteur interprète “Le Sampa” ?Richard Gotainer
28%
Quel prénom Alain-Fournier donne-t-il à Meaulnes, dans “Le Grand Meaulnes” ?Augustin
23%
Comment se prénomme la jeune femme qui a inspiré à André Breton un récit poétique qu'il publia en 1928 ?Nadja
10%

Distribution des résultats

Percentile par nombre de réponses

% des personnes avec chaque résultat

Votre développement - résultats

Vous n’avez pas pris ce quiz